000 00652cam a22002413a 4500
001 26841
003 PGUSA
005 20140828083559.0
008 081008s2008||||xxu|||||s|||||000 | eng d
040 _aPGUSA
_beng
042 _adc
050 4 _aHG
100 1 _aButler, John James,
_d1867-
245 1 0 _aSuccessful Stock Speculation
_h[electronic resource] /
_cJohn James Butler
260 _bProject Gutenberg,
_c2008
506 _aPublic domain in the USA.
516 _aElectronic text
653 _aSpeculation
653 _aStocks
830 0 _aProject Gutenberg
_v26841
856 4 0 _uhttp://www.gutenberg.org/ebooks/26841
942 _cEB
999 _c256096
_d256096